000 00199 a2200097 4500
001 122434
040 _cEscola Canadense de Niteroi
090 _aMUSIC
245 1 0 _aMerry Christmas! -
942 _cMATP
999 _c122434
_d122434